Library Banner

Clinical pharmacology / (Record no. 124641)

MARC details
000 -LEADER
fixed length control field 00496nam a22001937a 4500
005 - DATE AND TIME OF LATEST TRANSACTION
control field 20211111093001.0
008 - FIXED-LENGTH DATA ELEMENTS--GENERAL INFORMATION
fixed length control field 211111b ||||| |||| 00| 0 eng d
020 ## - INTERNATIONAL STANDARD BOOK NUMBER
International Standard Book Number 9780702073298
040 ## - CATALOGING SOURCE
Transcribing agency PK-LaUMT
082 ## - DEWEY DECIMAL CLASSIFICATION NUMBER
Classification number 615.1
Item number CLI-
245 ## - TITLE STATEMENT
Title Clinical pharmacology /
Statement of responsibility, etc by Morris J. Brown . . . [et al.]
250 ## - EDITION STATEMENT
Edition statement 12th ed.
260 ## - PUBLICATION, DISTRIBUTION, ETC. (IMPRINT)
Place of publication, distribution, etc Edinburgh :
Name of publisher, distributor, etc Elsevier,
Date of publication, distribution, etc 2019
300 ## - PHYSICAL DESCRIPTION
Extent 706 p.
650 ## - SUBJECT ADDED ENTRY--TOPICAL TERM
Topical term or geographic name as entry element Clinical pharmacology
650 ## - SUBJECT ADDED ENTRY--TOPICAL TERM
Topical term or geographic name as entry element Infection
650 ## - SUBJECT ADDED ENTRY--TOPICAL TERM
Topical term or geographic name as entry element Fungal
942 ## - ADDED ENTRY ELEMENTS (KOHA)
Koha item type Books
Holdings
Withdrawn status Lost status Damaged status Home library Current library Date acquired Full call number Barcode Date last seen Price effective from Koha item type Copy number
      UMT Health Sciences Campus UMT Health Sciences Campus 2021-11-11 615.1 CLI- 139446 2021-11-11 2021-11-11 Books  
      UMT Health Sciences Campus UMT Health Sciences Campus 2021-11-11 615.1 CLI- 139447 2021-11-11 2021-11-11 Books C.2
      UMT Health Sciences Campus UMT Health Sciences Campus 2021-11-12 615.1 CLI- 139282 2023-02-16 2021-11-12 Books C.3
      UMT Health Sciences Campus UMT Health Sciences Campus 2021-11-20 615.1 CLI- 139661 2021-11-20 2021-11-20 Books C.4
      UMT Health Sciences Campus UMT Health Sciences Campus 2021-11-20 615.1 CLI- 139662 2021-11-20 2021-11-20 Books C.5
      UMT Health Sciences Campus UMT Health Sciences Campus 2021-11-20 615.1 CLI- 139663 2021-11-20 2021-11-20 Books C.6
      UMT Health Sciences Campus UMT Health Sciences Campus 2021-11-20 615.1 CLI- 139664 2021-11-20 2021-11-20 Books C.7
      UMT Health Sciences Campus UMT Health Sciences Campus 2021-11-20 615.1 CLI- 139665 2021-11-20 2021-11-20 Books C.8
      UMT Health Sciences Campus UMT Health Sciences Campus 2021-11-20 615.1 CLI- 139666 2021-11-20 2021-11-20 Books C.9
      UMT Health Sciences Campus UMT Health Sciences Campus 2021-11-20 615.1 CLI- 139667 2024-05-06 2021-11-20 Books C.10
      UMT Health Sciences Campus UMT Health Sciences Campus 2021-11-20 615.1 CLI- 139668 2021-11-20 2021-11-20 Books C.11